| 000 | 00563nam a22001817a 4500 | ||
|---|---|---|---|
| 003 | CEME | ||
| 005 | 20210628203044.0 | ||
| 008 | 210419b xxu||||| |||| 00| 0 eng d | ||
| 020 | _a0-02-929350-2 | ||
| 040 | _c. | ||
| 082 | _a658 SC'W | ||
| 100 |
_aSchonberger, Richard J _963064 |
||
| 245 | _aWorld class manufacturing casebook ,implmenting jit and tqc | ||
| 260 |
_aLONDON _bMACMILLAN _c1987 |
||
| 300 | _a253P | ||
| 650 |
_aINDUSTRIAL MANAGEMENT CASE STUDIES PRODUCTION MANAGEMENT CASE TUDIES MANUFACTURING PROCESS CASE STUDIES _963065 |
||
| 942 |
_cBK _2ddc |
||
| 999 |
_c572003 _d572003 |
||